[Event "VII TCh-RUS w"]
[Site "Sochi RUS"]
[Date "2006.04.28"]
[Round "9"]
[White "Ovod,E"]
[Black "Stefanova,A"]
[Result "1-0"]
[WhiteElo "2395"]
[BlackElo "2502"]

1.d4 d5 2.c4 c6 3.Nf3 Nf6 4.Nc3 a6 5.cxd5 cxd5 6.Ne5 e6 7.Bf4 Nc6 8.e3 Bd7
9.Bd3 Be7 10.O-O O-O 11.Qf3 Ne8 12.Qh3 f5 13.g4 Nd6 14.Nxc6 bxc6 15.Na4 Ne4
16.f3 Ng5 17.Qg3 Nf7 18.Bc7 Qe8 19.Rac1 Bf6 20.Nc5 Bc8 21.gxf5 exf5 22.f4 Qe7
23.Be5 Nxe5 24.fxe5 Bh4 25.Qf3 a5 26.Rc2 Qe8 27.Rg2 Be7 28.Qg3 g6 29.Rc2 a4
30.Be2 Bxc5 31.Rxc5 Ba6 32.Bxa6 Rxa6 33.h4 Qe6 34.Rf2 Ra7 35.Qf4 Rb8 36.Rfc2 Rb6
37.Kf2 Rab7 38.Kf3 Qe8 39.Qg5 Rf7 40.Kf4 Rfb7 41.h5 Rg7 42.Rg2 Rbb7 43.Qf6 Rbc7
44.hxg6 hxg6 45.Rc1 g5+ 46.Rxg5 Rxg5 47.Qxg5+ Rg7 48.Qh6 Rg6 49.Qh3 Rg4+
50.Kf3 Qg6 51.Rh1 Qg7 52.Rh2 c5 53.dxc5 Qxe5 54.Qh7+ Kf8 55.Qh8+ Qxh8 56.Rxh8+ Ke7
57.Rh7+ Kd8 58.c6 Kc8 59.Ra7 Rb4 60.Rb7 Rc4 61.Rb5 Rc2 62.a3 Kc7 63.Rxd5 Rxb2
64.Ra5 Kxc6 65.Rxa4 Ra2 66.Ra5 Kb6 67.Rxf5 Rxa3 68.Rd5 Kc6 69.Rd8 Kc7 70.Rd4 Kc6
71.Kf4 Kc5 72.Rd8 Ra7 73.e4 Rf7+ 74.Ke5 Re7+ 75.Kf5 Kc6 76.e5 Kc7 77.Rd4 Rh7
78.e6 Rh1 79.Kf6 Rh6+ 80.Kf7 Rh7+ 81.Kg6 Rh1 82.e7 Rg1+ 83.Kf7 Rf1+ 84.Ke8 Re1
85.Rd2 Ra1 86.Rf2 Rh1 87.Kf8 Rh8+ 88.Kg7  1-0

[Event "XIII TCh-RUS"]
[Site "Sochi RUS"]
[Date "2006.04.29"]
[Round "10"]
[White "Grachev,B"]
[Black "Iskusnyh,S"]
[Result "1/2-1/2"]
[WhiteElo "2543"]
[BlackElo "2510"]

1.d4 d5 2.c4 c6 3.Nf3 Nf6 4.Nc3 a6 5.e3 e6 6.b3 Bb4 7.Bd2 Nbd7 8.Bd3 O-O
9.O-O Bd6 10.Qc2 h6 11.Ne2 c5 12.cxd5 exd5 13.Ng3 Re8 14.Rad1 b6 15.dxc5 bxc5
16.Bc3 Bb7 17.Qb2 Qb6 18.Bf5 Bf8 19.Ne5 Nxe5 20.Bxe5 Ne4 21.Nxe4 dxe4 22.Rd2 Bc6
23.Rfd1 c4 24.Bd7 Bxd7 25.Rxd7 Rad8 26.Rxd8 Rxd8 27.Rxd8 Qxd8 28.Bd4 Qa5
29.g3 Qe1+ 30.Kg2 Qd1 31.bxc4 Qf3+  1/2-1/2

[Event "XXIV Open"]
[Site "Metz FRA"]
[Date "2006.04.30"]
[Round "9"]
[White "Epishin,V"]
[Black "Draoui,N"]
[Result "1-0"]
[WhiteElo "2565"]
[BlackElo "2369"]

1.d4 d5 2.c4 c6 3.Nf3 Nf6 4.Nc3 a6 5.e3 b5 6.b3 Bg4 7.Be2 e6 8.h3 Bh5 9.O-O Bd6
10.Ne5 Bxe2 11.Nxe2 Qc7 12.Bb2 Nbd7 13.cxd5 cxd5 14.Rc1 Qb8 15.Nxd7 Kxd7
16.f3 Qb7 17.Qd3 Ke7 18.Bc3 b4 19.Be1 Qb5 20.Qd2 Rac8 21.Bh4 h6 22.e4 Rxc1
23.Rxc1 dxe4 24.fxe4 g5 25.e5 gxh4 26.exd6+ Kxd6 27.Rc5 Qb8 28.Qf4+ Ke7 29.Rc7+ Nd7
30.Qxh4+ Ke8 31.Rc6 Qb7 32.d5 Rg8 33.Nd4 Ne5 34.Rc2 Rg6 35.dxe6 fxe6 36.Kh1 Qd5
37.Rc8+ Kf7 38.Qf2+ Rf6 39.Rf8+ Kxf8 40.Qxf6+ Ke8 41.Nxe6 Kd7 42.Nf4 Qd6
43.Qf5+ Kc7 44.Qe4 Kb6 45.Nd5+ Kb5 46.Nxb4  1-0

[Event "Open B"]
[Site "Djakovo CRO"]
[Date "2006.05.02"]
[Round "4"]
[White "Karahmetovic,A"]
[Black "Kozarcanin,S"]
[Result "1-0"]
[WhiteElo "2271"]
[BlackElo "2232"]

1.d4 d5 2.Nf3 Nf6 3.c4 c6 4.Nc3 a6 5.c5 Nbd7 6.Bf4 b6 7.b4 g6 8.h3 Bg7 9.e3 O-O
10.Be2 Nh5 11.Bh2 bxc5 12.bxc5 Qa5 13.Qd2 Re8 14.Rc1 e5 15.Nxe5 Nxe5 16.Bxe5 Bxe5
17.dxe5 Rxe5 18.Bxh5 Rxh5 19.Ne2 Qc7 20.Rb1 Rb8 21.O-O Rg5 22.Nf4 Rb5 23.Qd4 Re5
24.f3 Bf5 25.Rb3 Qb7 26.Re1 f6 27.Rxb5 axb5 28.Re2 g5 29.Nh5 Bg6 30.Ng3 Qc7
31.f4 gxf4 32.exf4 Rxe2 33.Nxe2 Qe7 34.Ng3 Bb1 35.a3 Qe6 36.a4 bxa4 37.Qxa4 Be4
38.Qd4 Kf7 39.Qe3 f5 40.Qd4 Qf6 41.Qxf6+ Kxf6 42.Ne2 d4 43.Nxd4 h5 44.h4 Ke7  1-0

[Event "Geller Mem"]
[Site "Moscow RUS"]
[Date "2006.05.04"]
[Round "1"]
[White "Castaneda,G"]
[Black "Rychagov,A"]
[Result "1/2-1/2"]
[WhiteElo "2451"]
[BlackElo "2542"]

1.Nf3 d5 2.d4 Nf6 3.c4 c6 4.Nc3 a6 5.cxd5 cxd5 6.Bf4 Nc6 7.Rc1 Bf5 8.e3 e6
9.Bd3 Bxd3 10.Qxd3 Bd6 11.Bxd6 Qxd6 12.O-O O-O 13.a3 Rac8 14.b4 b5  1/2-1/2

[Event "ch-UKR sf"]
[Site "Alushta UKR"]
[Date "2006.05.13"]
[Round "1"]
[White "Borzov,D"]
[Black "Dovzik,J"]
[Result "1-0"]
[WhiteElo "2181"]
[BlackElo "2425"]

1.d4 d5 2.c4 c6 3.Nf3 Nf6 4.Nc3 a6 5.e3 b5 6.b3 Bg4 7.Be2 e6 8.O-O Nbd7 9.Bb2 Bd6
10.h3 Bh5 11.Qc2 Bg6 12.Bd3 Bxd3 13.Qxd3 O-O 14.a4 bxc4 15.bxc4 Rb8 16.Rfb1 Qa5
17.c5 Be7 18.Ba3 Rxb1+ 19.Rxb1 Rb8 20.Rxb8+ Nxb8 21.Nd2 Ne4 22.Ndxe4 dxe4
23.Qc4 h6 24.Bb4 Qc7 25.Nxe4 a5 26.Bc3 Qb7 27.Nd2 Bd8 28.Qb3 Qa7 29.Nc4 Nd7
30.Nd6 Qa6 31.Qb7 Nxc5 32.dxc5 Qf1+ 33.Kxf1  1-0

[Event "3rd All-China Games"]
[Site "Suzhou CHN"]
[Date "2006.05.21"]
[Round "3"]
[White "Li Shilong"]
[Black "Wang Rui"]
[Result "1/2-1/2"]
[WhiteElo "2539"]
[BlackElo "2497"]

1.d4 d5 2.c4 c6 3.Nf3 Nf6 4.Nc3 a6 5.c5 Nbd7 6.Bf4 Nh5 7.e3 b6 8.b4 Nxf4
9.exf4 g6 10.Bd3 Qc7 11.Ne5 Bh6 12.Nxd7 Bxd7 13.g3 Bg7 14.Ne2 a5 15.a3 Bh3
16.Kd2 O-O 17.Ke3 f6 18.f3 e5 19.Kf2 Bd7 20.Qc2 exd4 21.Nxd4 f5 22.Qc3 Rfe8
23.Rhd1 Qd8 24.Bf1 axb4 25.axb4 Rxa1 26.Qxa1 bxc5 27.bxc5 Qe7 28.Qa3 Rb8
29.Be2 Qe8 30.Qc3 Ra8 31.Ra1 Rxa1 32.Qxa1 Qf8 33.Qc3 Qb8 34.Bd3 h5 35.Ke3 g5
36.Bc2 gxf4+ 37.gxf4 Qe8+ 38.Kd2 Qb8 39.Ke3 Qe8+ 40.Kd2 Qg6 41.Qe3 Qg2+ 42.Ne2 Bf8
43.h4 Qg7 44.Qa3 Qe7 45.Qa7 Be8 46.Qa8 Bd7 47.Qb7 Be8 48.Qa8 Bd7 49.Qb7 Be8  1/2-1/2

[Event "3rd All-China Games"]
[Site "Suzhou CHN"]
[Date "2006.05.22"]
[Round "6"]
[White "Xu Jun"]
[Black "Zhou Weiqi"]
[Result "1-0"]
[WhiteElo "2591"]
[BlackElo "2433"]

1.d4 d5 2.c4 c6 3.Nf3 Nf6 4.Nc3 a6 5.c5 Nbd7 6.Bf4 Nh5 7.Bd2 Nhf6 8.Rc1 g6
9.h3 Qc7 10.g3 e5 11.dxe5 Nxe5 12.Nxe5 Qxe5 13.Bf4 Qf5 14.Qd4 Bg7 15.Bd6 Rg8
16.Bg2 Ne4 17.Qe3 Bh6 18.f4 Qe6 19.Nxe4 dxe4 20.Qxe4 Qxe4 21.Bxe4 Be6 22.b3 f5
23.Bf3 a5 24.Kf2  1-0

[Event "ch-StP"]
[Site "St Petersburg RUS"]
[Date "2006.06.05"]
[Round "3"]
[White "Vitiugov,N"]
[Black "Popov,Val"]
[Result "1-0"]
[WhiteElo "2550"]
[BlackElo "2587"]

1.d4 d5 2.c4 c6 3.Nc3 Nf6 4.Nf3 a6 5.c5 Nbd7 6.Bf4 Nh5 7.Bd2 Nhf6 8.Rc1 Qc7
9.g3 g6 10.Bf4 Qd8 11.Bg2 Nh5 12.Bg5 Bg7 13.O-O O-O 14.e4 dxe4 15.Nxe4 Ndf6
16.Nc3 h6 17.Bd2 Be6 18.Re1 Nd5 19.Rxe6 fxe6 20.Qe2 Qe8 21.Qxe6+ Qf7 22.Qe2 Nxc3
23.Bxc3 Rad8 24.Re1 Bf6 25.h4 Qxa2 26.Qe3 Kh7 27.g4 Ng7 28.Bd2 h5 29.gxh5 gxh5
30.Bf1 Kg8 31.Bd3 Kf7 32.Ng5+ Ke8 33.Nh7 Qf7 34.Qg3 Kd7 35.Ba5 Rc8 36.Bg6 Qg8
37.Nxf8+ Qxf8 38.Qf4 e6 39.Re3 Be7 40.Qe4 Qf6 41.Rb3 Rb8 42.d5 exd5 43.Qg2 Qxh4
44.Bc3 Bf6 45.Bxf6 Qxf6 46.Qg3 h4 47.Qxb8 Qxg6+ 48.Kh2 b5 49.cxb6 Ne6 50.Qa7+  1-0

[Event "28th Nezhmetdinov mem"]
[Site "Kazan RUS"]
[Date "2006.06.08"]
[Round "8"]
[White "Sadykova,A"]
[Black "Jakovenko,I"]
[Result "0-1"]
[WhiteElo "2114"]
[BlackElo "2234"]

1.d4 d5 2.c4 c6 3.Nf3 Nf6 4.Nc3 a6 5.e3 e6 6.a3 b5 7.b3 Be7 8.Bd3 O-O 9.O-O Nbd7
10.e4 dxe4 11.Nxe4 bxc4 12.bxc4 c5 13.Be3 Bb7 14.Nxf6+ Nxf6 15.Be2 Qc7 16.Qc2 Be4
17.Qc3 Ng4 18.Ne5 Nxe3 19.Qxe3 Bf5 20.Bf3 cxd4 21.Qxd4 Rad8 22.Qc3 Bf6 23.Rfe1 Rd3
24.Qb2 Rfd8 25.Rac1 Rd2 26.Qc3 R8d3 27.Qa1 h6 28.c5 g5 29.h3 Rd5 30.Bxd5 Rxd5
31.c6 Bd3 32.Qc3 Bb5 33.Red1 Bxe5 34.Qc2 Bf4 35.Rxd5 exd5 36.Rd1 Qxc6 37.Qf5 Qe6
38.Qc2 d4 39.g3 d3 40.Qc3 Qe2  0-1

[Event "Masters"]
[Site "Las Vegas USA"]
[Date "2006.06.10"]
[Round "1"]
[White "Sarkar,J"]
[Black "Kritz,L"]
[Result "0-1"]
[WhiteElo "2355"]
[BlackElo "2578"]

1.d4 d5 2.c4 c6 3.Nf3 Nf6 4.Nc3 a6 5.c5 Nbd7 6.Bf4 Nh5 7.e3 b6 8.cxb6 Nxf4
9.exf4 e6 10.Bd3 Bd6 11.Qd2 c5 12.f5 O-O 13.O-O cxd4 14.Nxd4 Nxb6 15.fxe6 fxe6
16.f4 Qf6 17.Nce2 Bd7 18.Rac1 e5 19.fxe5 Qxe5 20.Rxf8+ Rxf8 21.g3 Nc4 22.Bxc4 dxc4
23.Qc3 Bh3 24.Nf4 Rxf4 25.gxf4 Qxf4 26.Qxc4+ Kh8 27.Rc2 Bc5 28.Kh1 Qe4+  0-1

[Event "Masters"]
[Site "Las Vegas USA"]
[Date "2006.06.11"]
[Round "3"]
[White "Vigorito,D"]
[Black "Kritz,L"]
[Result "0-1"]
[WhiteElo "2373"]
[BlackElo "2578"]

1.d4 d5 2.c4 c6 3.Nf3 Nf6 4.Nc3 a6 5.e3 b5 6.b3 Bg4 7.Be2 e6 8.O-O Nbd7 9.h3 Bh5
10.Bb2 Bd6 11.Ne5 Bxe2 12.Nxe2 bxc4 13.bxc4 O-O 14.Qc2 Qc7 15.Nd3 Ne4 16.Rfc1 Rfc8
17.c5 Be7 18.Bc3 Nxc3 19.Qxc3 Bf6 20.f4 Bd8 21.Rcb1 Rcb8 22.Rb3 Rb5 23.Rab1 Qc8
24.Qc2 Rab8 25.Nc3 Rxb3 26.axb3 a5 27.e4 Qa6 28.e5 f6 29.Ne2 Be7 30.Kh1 h6
31.Kh2 Kh8 32.f5 fxe5 33.dxe5 exf5 34.Nd4 Bg5 35.e6 Nf8 36.Rf1 Qc8 37.Re1 Bf6
38.e7 Bxd4 39.e8=Q Qxe8 40.Rxe8 Rxe8 41.Nf4 Be5 42.g3 Bxf4 43.gxf4 d4 44.Qxf5 Rd8
45.Qe4 d3 46.Qe7 Ne6  0-1

[Event "Masters"]
[Site "Las Vegas USA"]
[Date "2006.06.13"]
[Round "7"]
[White "Golod,V"]
[Black "Kritz,L"]
[Result "1/2-1/2"]
[WhiteElo "2571"]
[BlackElo "2578"]

1.d4 d5 2.c4 c6 3.Nf3 Nf6 4.Nc3 a6 5.c5 Nbd7 6.Bf4 Nh5 7.Bd2 Nhf6 8.Rc1 g6
9.h3 Bg7 10.Bf4 Ne4 11.e3 Nxc3 12.Rxc3 O-O 13.Be2 Re8 14.O-O e5 15.Bh2 exd4
16.exd4  1/2-1/2

[Event "FSIM June"]
[Site "Budapest HUN"]
[Date "2006.06.14"]
[Round "10"]
[White "Kahn,E"]
[Black "Konnyu,J"]
[Result "1/2-1/2"]
[WhiteElo "2289"]
[BlackElo "2262"]

1.d4 d5 2.c4 c6 3.Nf3 Nf6 4.Nc3 a6 5.cxd5 cxd5 6.Bf4 Bf5 7.e3 e6 8.Bd3 Bxd3
9.Qxd3 Bd6 10.Bxd6 Qxd6 11.O-O Nc6 12.Rac1 Rc8 13.a3 O-O  1/2-1/2

[Event "National Open"]
[Site "Las Vegas USA"]
[Date "2006.06.17"]
[Round "3"]
[White "Sharavdorj,D"]
[Black "Kritz,L"]
[Result "0-1"]
[WhiteElo "2449"]
[BlackElo "2578"]

1.d4 d5 2.c4 c6 3.Nf3 Nf6 4.Nc3 a6 5.c5 Nbd7 6.Bf4 Nh5 7.Bd2 Nhf6 8.Bf4 Nh5
9.Bd2 Nhf6 10.Rc1 g6 11.h3 Bg7 12.Bf4 Ne4 13.e3 Nxc3 14.bxc3 Qa5 15.Qc2 e5
16.Bg3 exd4 17.exd4 O-O 18.Be2 Bh6 19.Rb1 Nf6 20.Rb3 Bf5 21.Qb2 Ne4 22.O-O Rae8
23.Bd6 Nxd6 24.cxd6 b5 25.Ne5 Qb6 26.Bg4 Bxg4 27.hxg4 Rd8 28.Qa3 Rfe8 29.c4 dxc4
30.Rf3 f6 31.d7 Re6 32.Rxf6 Rxf6 33.Qe7 Rdf8  0-1

[Event "Open A"]
[Site "Voronezh RUS"]
[Date "2006.06.19"]
[Round "7"]
[White "Gleizerov,E"]
[Black "Popov,Iv RUS"]
[Result "1/2-1/2"]
[WhiteElo "2562"]
[BlackElo "2482"]

1.d4 d5 2.c4 c6 3.Nf3 Nf6 4.Nc3 a6 5.Ne5 Nbd7 6.Bf4 dxc4 7.Nxc4 b5 8.Ne5 Bb7
9.e3 c5 10.Nxd7 Nxd7 11.d5 Nf6 12.e4 e6 13.dxe6 fxe6 14.f3  1/2-1/2

[Event "Zudov Memorial"]
[Site "Nizhnij Tagil RUS"]
[Date "2006.06.22"]
[Round "3"]
[White "Lysyj,I"]
[Black "Slugin,S"]
[Result "1-0"]
[WhiteElo "2527"]
[BlackElo "2411"]

1.d4 d5 2.c4 c6 3.Nc3 Nf6 4.Nf3 a6 5.c5 Nbd7 6.Bg5 g6 7.e3 Bg7 8.h3 b6 9.cxb6 Qxb6
10.Qc2 O-O 11.Bd3 c5 12.O-O cxd4 13.exd4 a5 14.Na4 Qa7 15.Qe2 e6 16.Rac1 Nb6
17.Nc5 Nbd7 18.Na4 Nb6 19.Nc5 Nbd7 20.Bf4 Nxc5 21.Rxc5 Ba6 22.Bxa6 Qxa6 23.Qxa6 Rxa6
24.Rfc1 Ne4 25.Rc6 Ra7 26.b3 g5 27.Bc7 Rfa8 28.Bb6 Ra6 29.Ne5 Bf8 30.f3 Nf6
31.a4 Rb8 32.Bd8  1-0

[Event "II Perla Baltyku"]
[Site "Mielno POL"]
[Date "2006.06.25"]
[Round "6"]
[White "Malaniuk,V"]
[Black "Grabarczyk,M"]
[Result "1-0"]
[WhiteElo "2539"]
[BlackElo "2469"]

1.d4 d5 2.c4 c6 3.Nf3 Nf6 4.Nc3 a6 5.c5 Nbd7 6.Bf4 Nh5 7.Bd2 Nhf6 8.Rc1 g6
9.h3 Qc7 10.g3 Nh5 11.e4 dxe4 12.Nxe4 Bg7 13.Bg2 O-O 14.O-O Ndf6 15.Nc3 Be6
16.Ng5 Bd5 17.Nxd5 Nxd5 18.Nf3 Nhf6 19.Re1 e6 20.Qa4 a5 21.Rc4 Nd7 22.Qc2 Rfc8
23.Rc1 e5 24.dxe5 Nxe5 25.Nxe5 Qxe5 26.b3 Rd8 27.Re1 Qc7 28.a3 Qd7 29.Ra4 Nb4
30.axb4 Qxd2 31.Re8+ Rxe8 32.Qxd2 Rad8 33.Qc1 Re2 34.bxa5 Bb2 35.Qb1 Red2
36.Bf3 R8d3 37.Kg2 Rxb3 38.Qe1 Bc3 39.Qe8+ Kg7 40.Rf4 Bf6 41.a6  1-0

[Event "34th World Open"]
[Site "Philadelphia USA"]
[Date "2006.06.28"]
[Round "1"]
[White "Levine,D"]
[Black "Peric,Sl"]
[Result "0-1"]
[WhiteElo "2195"]
[BlackElo "2288"]

1.d4 d5 2.c4 c6 3.Nf3 Nf6 4.Nc3 a6 5.c5 Nbd7 6.Bf4 Nh5 7.Bg5 h6 8.Bh4 g5
9.Bg3 Bg7 10.e3 Nxg3 11.hxg3 e5 12.b4 b6 13.Qc2 bxc5 14.bxc5 Qa5 15.Rc1 exd4
16.exd4 g4 17.Nd2 Bxd4 18.Nb3 Bxc3+ 19.Qxc3 Qxc3+ 20.Rxc3 Nf6 21.Re3+ Kf8
22.Bd3 Kg7 23.O-O Bd7 24.Rfe1 a5 25.Nd4 Rhb8 26.Bf5 Rb4 27.Bxd7 Rxd4 28.Re7 Ra7
29.Bxc6 Rxe7 30.Rxe7 Rd1+ 31.Kh2 Rc1 32.Ba4 Rxc5 33.Bb3 Kf8 34.Ra7 Ne4 35.Rd7 Nf6
36.Ra7 Ke8 37.f3 h5 38.f4 Ne4 39.Ra8+ Ke7 40.Ra7+ Kf8 41.Rd7 Rc8 42.Rxf7+ Ke8  0-1

[Event "II Open"]
[Site "Sort ESP"]
[Date "2006.07.01"]
[Round "6"]
[White "Sundararajan,K"]
[Black "Burmakin,V"]
[Result "0-1"]
[WhiteElo "2495"]
[BlackElo "2541"]

1.d4 d5 2.c4 c6 3.Nf3 Nf6 4.Nc3 a6 5.cxd5 cxd5 6.Bf4 e6 7.e3 Bd6 8.Bg3 b5
9.Bd3 Bb7 10.Rc1 O-O 11.Ne5 Ne4 12.a3 f5 13.Bxe4 dxe4 14.Qb3 Re8 15.O-O Bxe5
16.Bxe5 Nc6 17.Rfd1 Rc8 18.Bg3 Na5 19.Qc2 Bd5 20.Qe2 Bc4 21.Qh5 Nb3 22.Rb1 Qd7
23.Be5 Qf7 24.Qh3 Bd3 25.f3 Bxb1 26.Rxb1 Nd2 27.Rc1 Qg6 28.Kh1 Nc4 29.fxe4 fxe4  0-1

[Event "TESPO GM"]
[Site "Brno CZE"]
[Date "2006.07.03"]
[Round "5"]
[White "Stopa,Ja"]
[Black "Jirka,J"]
[Result "1-0"]
[WhiteElo "2469"]
[BlackElo "2393"]

1.d4 d5 2.Nf3 Nf6 3.c4 c6 4.Nc3 a6 5.Bg5 b5 6.cxd5 cxd5 7.e3 Bg4 8.Rc1 e6
9.h3 Bh5 10.g4 Bg6 11.Ne5 Bd6 12.h4 Qa5 13.h5 Be4 14.f3 h6 15.Bxf6 gxf6 16.fxe4 fxe5
17.Bg2 exd4 18.Qxd4 Rg8 19.O-O Qd8 20.exd5 Qh4 21.Rf2 Bg3 22.Rf3 Qxg4 23.Qxg4 Rxg4
24.dxe6 fxe6 25.Ne4 Be5 26.Nf6+ Bxf6 27.Rxf6 Ra7 28.Rc8+ Ke7 29.Rg6 Rxg2+
30.Kxg2 Nd7 31.Rxh6 Nf6 32.Rch8 Rd7 33.R8h7+  1-0

[Event "34th World Open"]
[Site "Philadelphia USA"]
[Date "2006.07.03"]
[Round "6"]
[White "Magar,T"]
[Black "Lu,E"]
[Result "1/2-1/2"]
[WhiteElo "2095"]
[BlackElo "2015"]

1.d4 Nf6 2.c4 c6 3.Nc3 d5 4.Nf3 a6 5.g3 e6 6.Bg2 Nbd7 7.O-O Bd6 8.Qc2 O-O
9.Rd1 b5 10.e4 dxe4 11.Ng5 Be7 12.c5 Nd5 13.Ncxe4 g6 14.h4 N7f6 15.Nxf6+ Bxf6
16.Ne4 Bg7 17.h5 a5 18.Qe2 Qe7 19.hxg6 hxg6 20.Nd6 Ra7 21.Qg4 Bd7 22.Re1 Qf6
23.Re4 Qd8 24.Qd1 f5 25.Re1 Qf6 26.Re5 Qd8 27.Re1 Qf6 28.Re5 Qd8  1/2-1/2

[Event "35th TCh-GRE"]
[Site "Ermioni GRE"]
[Date "2006.07.07"]
[Round "6"]
[White "Kourousis,E"]
[Black "Papadopoulos,P"]
[Result "1-0"]
[WhiteElo "2070"]
[BlackElo "1878"]

1.d4 d5 2.c4 c6 3.Nf3 Nf6 4.Nc3 a6 5.c5 g6 6.g3 Nbd7 7.Bf4 Bg7 8.Bg2 O-O
9.O-O b6 10.cxb6 Qxb6 11.Na4 Qa7 12.Rc1 Bb7 13.Ne5 Rac8 14.Nc5 Nxc5 15.Rxc5 Nh5
16.Be3 f6 17.Nd3 f5 18.Qa4 Qb8 19.Bf4 Nxf4 20.gxf4 Qd6 21.e3 g5 22.fxg5 f4
23.exf4 Rxf4 24.Nxf4 Qxf4 25.Qb3 Rb8 26.Qg3 Qxg3 27.hxg3 Bxd4 28.Rc2 Rf8
29.Kh2 e5 30.b4 e4 31.Bh3 Rf3 32.Kg2 Bc3 33.Bg4 Rd3 34.Be2 Rd2 35.Rxd2 Bxd2
36.a3 Bxg5 37.Rb1 Kf7 38.Rb3 Kf6 39.Rc3 Ke5 40.Kf1 Be7 41.Ke1 d4 42.Rc1 d3
43.Bg4 d2+ 44.Kxd2 Bg5+ 45.Kc2 Bxc1 46.Kxc1 c5 47.bxc5 Kd5 48.Bf5 h6 49.Kd2 Kxc5
50.Ke3 Kd6 51.Bxe4 Bc8 52.f4 Ke6 53.Kd4 Kd6 54.Bf3 Bh3 55.Be2 Bc8 56.Bd3 Bb7
57.Bc4 Bc8 58.Bf1 Bb7 59.Be2 Bc8 60.Bc4 Bb7 61.f5 Bc8 62.f6 Bh3 63.Bxa6 Be6
64.Bc4 Bd7 65.f7 Ke7 66.Kc5 Kf8 67.Kb4 Bg4 68.a4 Bf3 69.a5 Ba8 70.Kc5 Kg7
71.Bd5  1-0

[Event "35th TCh-GRE"]
[Site "Ermioni GRE"]
[Date "2006.07.08"]
[Round "7"]
[White "Parginos,V"]
[Black "Dorfanis,I"]
[Result "1-0"]
[WhiteElo "2177"]
[BlackElo "2182"]

1.d4 Nf6 2.c4 c6 3.Nc3 d5 4.Nf3 a6 5.c5 Nbd7 6.Bf4 Nh5 7.g3 Nxf4 8.gxf4 Qc7
9.e3 g6 10.Bd3 Bg7 11.Qc2 Nf8 12.Rg1 Bd7 13.b4 f6 14.f5 e5 15.e4 exd4 16.exd5 Qf4
17.Qe2+ Kf7 18.Ne4 Kg8 19.Nd6 g5 20.Qe7 h6 21.Be4 Kh7 22.h3 h5 23.Rxg5 fxg5
24.f6+  1-0

[Event "Open"]
[Site "Kavala GRE"]
[Date "2006.07.08"]
[Round "6"]
[White "Halkias,S"]
[Black "Szuhanek,R"]
[Result "1-0"]
[WhiteElo "2551"]
[BlackElo "2452"]

1.d4 d5 2.c4 c6 3.Nc3 Nf6 4.Nf3 a6 5.c5 Bf5 6.Bf4 Nbd7 7.e3 e6 8.Nd2 Be7
9.Be2 Qc8 10.g4 Bg6 11.g5 Ng8 12.Nf3 Bd8 13.h4 Bh5 14.Bd6 Ne7 15.e4 Bxf3
16.Bxf3 Ba5 17.Qe2 dxe4 18.Bxe4 Nd5 19.Bxd5 cxd5 20.Rh3 Qc6 21.a3 Bc7 22.Bxc7 Qxc7
23.Nxd5 Qd8 24.Nc3 O-O 25.O-O-O Qc7 26.Kb1 b6 27.h5 bxc5 28.d5 Rae8 29.Re3 e5
30.Qxa6 c4 31.d6 Qb8 32.Qxc4 Rc8 33.Qe2 Rc6 34.Red3 Nc5 35.Rd5 Ne6 36.Qxe5 Nxg5
37.Qxg5 Rxc3 38.h6  1-0

[Event "Inautomarket Open"]
[Site "Minsk BLR"]
[Date "2006.07.10"]
[Round "1"]
[White "Vysochin,S"]
[Black "Khaiminov,A"]
[Result "1-0"]
[WhiteElo "2555"]
[BlackElo "2201"]

1.d4 d5 2.c4 c6 3.Nf3 Nf6 4.Nc3 a6 5.c5 Nbd7 6.Bf4 Nh5 7.Bd2 Nhf6 8.Rc1 Qc7
9.g3 e6 10.Bg2 Be7 11.O-O O-O 12.Re1 Re8 13.Bf4 Qd8 14.e4 Nxe4 15.Nxe4 dxe4
16.Rxe4 Nf6 17.Re1 Nd5 18.Bd2 Bf6 19.Ne5 Bxe5 20.dxe5 Bd7 21.Rc4 f6 22.Rh4 Qe7
23.Qh5 g6 24.exf6 Qf7 25.Qe2 Qxf6 26.b3 Qb2 27.Qd3 Rf8 28.f4 Rae8 29.Be4 Qf6
30.Bf3 Qg7 31.Re2 Qa1+ 32.Kf2 Qf6 33.Re5 Bc8 34.Qe2 Rd8 35.Kg2 Qf7 36.Bc1 Rde8
37.Bb2 Ne7 38.Rg5 Nf5 39.Qe5 Ng7 40.Be4 Rd8 41.Bc3 Rd1 42.Rxh7 Rd5 43.Rxg7+  1-0

[Event "Open"]
[Site "Condom FRA"]
[Date "2006.07.13"]
[Round "7"]
[White "Vanderhallen,N"]
[Black "Sanchez,Joseph"]
[Result "0-1"]
[WhiteElo "2189"]
[BlackElo "2466"]

1.d4 Nf6 2.c4 c6 3.Nc3 d5 4.Nf3 a6 5.c5 Nbd7 6.Bf4 Nh5 7.e3 g6 8.h4 Bg7 9.Bh2 b6
10.cxb6 Qxb6 11.Qd2 O-O 12.Be2 Nhf6 13.Ne5 c5 14.Nxd7 Bxd7 15.Be5 Bc6 16.O-O Rfd8
17.Rac1 Qb7 18.Qc2 cxd4 19.Nd1 Rac8 20.exd4 Ba4 21.Qb1 Ne4 22.Bxg7 Kxg7 23.Rxc8 Rxc8
24.b3 e6 25.Qb2 Bb5 26.Bxb5 Qxb5 27.f3 Ng3 28.Rf2 Nf5 29.h5 Qb6 30.hxg6 hxg6
31.Rd2 e5 32.Nc3 Nxd4 33.Nxd5 Nxf3+  0-1

[Event "16th Heart of Finland Open"]
[Site "Jyvaskyla FIN"]
[Date "2006.07.13"]
[Round "5"]
[White "Nyback,T"]
[Black "Sarakauskas,G"]
[Result "1/2-1/2"]
[WhiteElo "2587"]
[BlackElo "2414"]

1.Nf3 Nf6 2.c4 c6 3.d4 d5 4.Nc3 a6 5.c5 Nbd7 6.Bf4 Nh5 7.e3 g6 8.Bd3 Bg7
9.O-O O-O 10.Bg5 Re8 11.e4 dxe4 12.Nxe4 Ndf6 13.Nc3 Nd5 14.Bc4 Be6 15.Qb3 Nhf4
16.Rfe1 Nxc3 17.bxc3 Bxc4 18.Qxc4 Qd5 19.Qxd5 Nxd5 20.c4 Nc7 21.Rad1 Ne6
22.Be3 Rad8 23.Rd2 Rd7 24.Red1 Rc8 25.Kf1 f5 26.g3 Bf6 27.h4 h5 28.Ke2 Kf7
29.Ne1 Rcd8 30.Nc2 Ke8 31.f4 Kf7 32.Rd3 Ke8 33.a4 a5 34.Bf2 Bg7 35.Be3 Bf6
36.R3d2 Bg7 37.Kf3 Bf6 38.Kf2 Bg7 39.Kf1 Bf6 40.Ke2 Bg7 41.d5 Nc7 42.Bd4 Bf8
43.Bc3 cxd5 44.Bxa5 Ra8 45.Bxc7 Rxc7 46.Rxd5 Rxa4 47.Nd4 Rxc4 48.Nf3 R7xc5
49.Rd8+ Kf7 50.Ng5+ Kg8 51.Rb8 Rc2+ 52.Rd2 Rc8 53.Rxb7 R2c6 54.Rbd7 Rd6 55.R2xd6 exd6
56.Kd3 Re8 57.Kd4 Be7 58.Kd5 Bxg5 59.hxg5 Re3 60.Rxd6  1/2-1/2

[Event "3rd ACT"]
[Site "Amsterdam NED"]
[Date "2006.07.15"]
[Round "1"]
[White "Ftacnik,L"]
[Black "Heemskerk,W"]
[Result "1-0"]
[WhiteElo "2579"]
[BlackElo "2298"]

1.d4 d5 2.c4 c6 3.Nf3 Nf6 4.Nc3 a6 5.c5 Bf5 6.Bf4 Nbd7 7.e3 e6 8.Be2 Be7
9.h3 h6 10.b4 Qc8 11.Qb3 Bd8 12.a4 Bc7 13.Bxc7 Qxc7 14.O-O O-O 15.b5 Rfe8
16.Qb2 Ne4 17.Nxe4 Bxe4 18.Nd2 Bg6 19.f4 f6 20.b6 Qd8 21.Nb3 e5 22.Rae1 exf4
23.exf4 Be4 24.f5 Nf8 25.Bh5 Re7 26.Qd2 Qd7 27.Re3 Rd8 28.Qe1 Qc8 29.Nd2 Red7
30.Qd1 Re7 31.Qe2 Red7 32.Qg4 Re7 33.Nxe4 Rxe4 34.Rxe4 dxe4 35.Qxe4 Rd5 36.Bd1 Kh7
37.Bb3 Rd8 38.Re1 Qd7 39.Kh1  1-0

[Event "6th TCh-Euro u18 Girls"]
[Site "Balatonlelle HUN"]
[Date "2006.07.16"]
[Round "5"]
[White "Rakic,Ma"]
[Black "Kruljac,P"]
[Result "0-1"]
[WhiteElo "2128"]
[BlackElo "2073"]

1.d4 d5 2.c4 c6 3.Nf3 Nf6 4.Nc3 a6 5.e3 b5 6.b3 Bg4 7.Be2 e6 8.Bb2 Be7 9.O-O O-O
10.Ne5 Bxe2 11.Qxe2 Nfd7 12.cxd5 Nxe5 13.dxe5 cxd5 14.e4 d4 15.Rad1 Qb6 16.Nb1 Nc6
17.Qh5 Rfd8 18.f4 Rac8 19.Rf3 g6 20.Qh6 Bf8 21.Qh4 Ne7 22.Bc1 Qc6 23.Rh3 h6
24.f5 Qxc1 25.Rxc1 Rxc1+ 26.Kf2 Rxb1 27.fxg6 Rb2+ 28.Kf1 Rc8 29.gxf7+ Kh7
30.Qe1 Ng6 31.Rd3 Rcc2 32.Rg3 a5 33.h4 Bb4 34.Rxg6 Kxg6 35.f8=Q Bxf8 36.Qg3+ Kh7  0-1

[Event "3rd ACT"]
[Site "Amsterdam NED"]
[Date "2006.07.17"]
[Round "3"]
[White "L'Ami,E"]
[Black "Blees,A"]
[Result "1-0"]
[WhiteElo "2586"]
[BlackElo "2400"]

1.d4 Nf6 2.c4 c6 3.Nc3 d5 4.Nf3 a6 5.e3 b5 6.c5 g6 7.b4 a5 8.bxa5 Qxa5 9.Bd2 b4
10.Nb1 Ne4 11.a3 Nxd2 12.Nfxd2 e5 13.Nb3 Qa4 14.Be2 bxa3 15.Rxa3 Qb4+ 16.Qd2 Qxd2+
17.Kxd2 Rxa3 18.Nxa3 exd4 19.exd4 Bh6+ 20.Kc3 Kd8 21.Nc2 Re8 22.Bd3 Ba6 23.Ra1 Bxd3
24.Kxd3 Re7 25.Ra8 Bf4 26.Nb4 Kd7 27.g3 Bc7 28.Kd2 h5 29.Nc1 h4 30.Ne2 hxg3
31.hxg3 Re8 32.Nc3 f5 33.Ra7 Rh8 34.Na4 Rh2 35.Nb6+ Kd8 36.Ke3 f4+ 37.gxf4 Rh3+
38.f3 Rh7 39.Ra8 Re7+ 40.Kf2 Re6 41.Na6 Bxf4 42.Rxb8+ Bxb8 43.Nxb8 g5 44.N8d7 Rh6
45.Ne5 Kc7 46.Nbd7 Rh4 47.Nf8 Rh6 48.Nfg6  1-0

[Event "GM Scheveningen"]
[Site "Taiyuan CHN"]
[Date "2006.07.18"]
[Round "8"]
[White "Vescovi,G"]
[Black "Bu Xiangzhi"]
[Result "1/2-1/2"]
[WhiteElo "2619"]
[BlackElo "2664"]

1.d4 d5 2.c4 c6 3.Nc3 Nf6 4.Nf3 a6 5.c5 Bf5 6.Bf4 Nbd7 7.e3 e6 8.Bd3 Be7
9.O-O O-O 10.b4 Bxd3 11.Qxd3 Re8 12.a4 a5 13.b5 Bxc5 14.bxc6 bxc6 15.dxc5 e5
16.Bg3 e4 17.Qd4 exf3 18.gxf3 Qe7 19.Bd6 Qe6 20.Ne2 Qh3 21.Qf4 Ne4 22.Nd4 Nexc5
23.Bxc5 Nxc5 24.Qg4 Qxg4+ 25.fxg4 Re4 26.h3 h5 27.gxh5 Ra6 28.Rfc1 Rxd4 29.Rxc5 Re4
30.Rac1 Re6 31.Rb1 Re4 32.Rb8+ Kh7 33.Rc8 Rxa4 34.R8xc6 Rxc6 35.Rxc6 d4 36.exd4 Rxd4
37.Rc5 a4 38.Ra5 Rd3 39.Rxa4 Rxh3 40.Kg2 Rxh5 41.f4 Kg6 42.Kg3 Rh1 43.Ra6+ f6
44.Ra5 Rg1+ 45.Kf3 Kh6 46.Rb5 Ra1 47.Rc5 g6 48.Rc8 Ra3+ 49.Kg4 f5+ 50.Kh4 Rf3
51.Rc4 Rf1 52.Kg3 Rg1+ 53.Kf3 Ra1 54.Rc3 Ra4 55.Kg3 Kh5 56.Rb3 Ra2 57.Rc3 Ra1
58.Rc6 Rg1+ 59.Kf3 Kh4 60.Ra6 Rg3+ 61.Kf2 Kh3 62.Rb6 Rg2+ 63.Kf3 Kh2 64.Ra6 Rg1
65.Kf2 Rg2+ 66.Kf3  1/2-1/2